01413cam a2200373 a 4500999001700000001000800017003000900025005001700034008004100051020001500092035002000107040004000127043001200167082002000179100003500199245010700234264011500341264001000456300003900466336002600505337002800531338002700559500001700586504004100603650005000644650004900694653002800743655002400771700002900795700002800824906004500852942001200897952013000909 c28861d288321983060EG-ScBUE20200928094511.0930302t1989 nyua f b 000 0 eng d a0962095214 a(OCoLC)20496894 aDJBFbengerdacDJBFdDLCdEG-ScBUE ad------04a363.96bROS2221 aRoss, John A.,d1934-eauthor.10aManagement strategies for family planning programs /cby John A. Ross, Marjorie Rich, Janet P. Molzan. 1aNew York, NY :bColumbia University, School of Public Health, Center for Population and Family Health,c[1989] 4cc1989 a64 pages :billustrations ;c26 cm 2rdacontentatextbtxt 2rdamediaaunmediatedbn 2rdacarrieravolumebnc aCover title. aIncludes bibliographical references. 7aFamily planningzDeveloping countries.2BUEsh 7aContraceptiveszDeveloping countries.2BUEsh bHHUUEENNcSeptember2020 vReading book9342321 4Rich, Marjorie,eauthor.1 aMolzan, Janet,eauthor. a7bcbcccopycatd3eopcnf19gy-gencatlg 2ddccBB 00102ddc40708BaccahaMAINbMAINc1STd2020-09-28ePurchasel0o363.96 ROSp000049859r2025-07-15 00:00:00w2020-09-28yBB